LEADER 00957nam a2200241 i 4500 001 000000169717 003 CaOOAMICUS 005 20080228000000.0 008 080228s1984 it u000 u ita u 013 $a147120 040 $aSeMil$bita 245 10$aOpere e documenti. 260 $aRoma :$bCentro volontari della sofferenza,$c1984. 300 $aLXXII, 452 p. ;$c17 cm. 500 $aFondo Card. Giovanni Colombo. 600 14$aAlacoque, Margherita Maria .$0(OLS)http://semarc/subject/1509 773 0 $tSanta Margherita Maria Alacoque.$dRoma : Centro volontari della sofferenza, [1984]$g1$w()14740 850 $aSeMil 852 $aSeMil$W1$xVenegono$y1$m2C I 543$j120625$B120625$CSeMilBibl$Z2$F132476 $81 941 1 $a3 961 $aLascito: Colombo Card. Giovanni 996 $6245$aOpere e documenti$9(OLS)http://semarc/title/242696 996 $6260$aRoma :$bCentro volontari della sofferenza$9(OLS)http://semarc/publisher/32646 LEADER 01011nam a2200229 i 4500 001 000000177864 003 CaOOAMICUS 005 20090227000000.0 008 090227s1926 it u000 u fre u 013 $a155433 040 $aSeMil$bita 100 1 $aPaléologue, Maurice.$0(OLS)http://semarc/name/66148 245 10$aCavour :$bun grand réaliste /$cpar Maurice Paléologue de l'Académie Française Ambassadeur de France. 260 $aParis :$bPlon, Les Petits-Fils de Plon et Nourrit,$ccopyr. 1926. 300 $a327 p. , 1 c. di ritr. 500 $aIl complemento al titolo precede il titolo. 600 34$aCavour, Camillo : Benso .$0(OLS)http://semarc/subject/84 850 $aSeMil 852 $aSeMil$W1$xVenegono$y1$m3S V 32$j128660$B128660$CSeMilBibl$Z2$F139804 $81 961 $aRecupero: Altro 996 $6245$aCavour :$bun grand réaliste$9(OLS)http://semarc/title/255448 996 $6260$aParis :$bPlon, Les Petits-Fils de Plon et Nourrit$9(OLS)http://semarc/publisher/33953